| 000 | 00623cam a2200205I 4500 | ||
|---|---|---|---|
| 008 | |||
| 049 | _aMAIN | ||
| 090 |
_aQD151 _bBAS |
||
| 100 | 1 | _aBassett, J. | |
| 245 | 1 | 0 |
_aInorganic chemistry : _ba concise text / _cJ. Bassett. |
| 260 |
_aOxford : _bPergamon Press, _cc1965. |
||
| 300 |
_aviii, 347 p. : _bill. ; _c20 cm. |
||
| 440 |
_aThe Commonwealth and international library. Chemistry division, _v2264 |
||
| 650 | 0 | _aChemistry, Inorganic. | |
| 907 |
_a.b10048777 _b26-03-13 _c17-04-03 |
||
| 003 | |||
| 005 | 20230123133827.0 | ||
| 040 | _cNUST | ||
| 942 |
_cBOOKS _kQD151 _mBAS |
||
| 999 |
_c155317 _d155317 |
||